000 00564nam a2200229Ia 4500
003 OSt
005 20221005130251.0
006 a|||||r|||| 00| 0
007 ta
008 221004b |||||||| |||| 00| 0 san d
024 _a58194
037 _cTextual
040 _aCRL
_cCRL
_bsan
041 _2san
_asan
082 _aQ22:223:g, 32J3
100 _aSreedevi Au.
_9594351
245 0 _aRanteedeva charitam
260 _c1953
650 _aHINDUISM
942 _hQ22:223:g, 32J3
_cTEXL
_2cc
999 _c1056647
_d1056647